| 000 | 00698nam a22001815i 4500 | ||
|---|---|---|---|
| 001 | 164040 | ||
| 003 | ES-MaACL | ||
| 005 | 20230906212848.0 | ||
| 008 | 021016s1881 sp |||| | spa d | ||
| 040 |
_aCCPB | B _bspa _cCCPB | B |
||
| 100 | 1 |
_aRovira y Oliver, Rosalino. _9100160 |
|
| 245 | 1 | 0 |
_aDe las pneumoconiosis / _cpor Rosalino Rovira y Oliver. |
| 260 |
_aBarcelona : _b[s.n.], _c1881 ( _festablecimiento tipográfico de los sucesores de N. Ramirez) |
||
| 300 |
_a43 p. ; _c25 cm. |
||
| 594 | _aPrecede al tít.: Tesis de doctorado. | ||
| 650 | 4 |
_aPulmones- _xEnfermedades. _9136791 |
|
| 852 |
_aES-MaACL _jT-383-F-21 _z-- Enc. hol., falto de la cub. original _z-- Enc. en un vol. facticio |
||
| 999 |
_c164040 _d164040 |
||